| 000 | 00395nam a22001577a 4500 | ||
|---|---|---|---|
| 999 |
_c6086 _d6084 |
||
| 005 | 20210825140638.0 | ||
| 008 | 200314b xxu||||| |||| 00| 0 eng d | ||
| 020 | _a978-81-7473-441-9 | ||
| 041 | _aeng | ||
| 100 |
_aKUMAR, N _95159 |
||
| 245 | _aANATOMY, PHYSIOLOGY AND HEALTH EDUCATION | ||
| 260 |
_aDELHI _bAITBS PUBLISHERS INDIA |
||
| 300 | _a516p, | ||
| 650 |
_aPHARMACY _96630 |
||
| 942 | _cBK | ||